[Event "Fuerstenfeld U18 op 6th"]
[Site "Fuerstenfeld"]
[Date "2023.07.22"]
[Round "5"]
[White "Rella, Mario"]
[Black "Aurich, Marvin"]
[Result "1-0"]
[WhiteElo "1394"]
[BlackElo "1055"]
[PlyCount "57"]
[EventDate "2023.07.20"]
[EventType "swiss"]
[EventRounds "7"]
[EventCountry "AUT"]
[SourceTitle "CBM 215 Extra"]
[Source "ChessBase"]
[SourceDate "2023.09.30"]
[SourceVersion "1"]
[SourceVersionDate "2023.09.30"]
[SourceQuality "1"]

1. e4 d5 2. exd5 Qxd5 3. Nc3 Qd8 4. Nf3 Nf6 5. Bc4 Nc6 6. 0-0 e5 7. Ng5 Qd4 8. Bxf7+ Ke7 9. Bb3 h6 10. Nf3 Qg4 11. Re1 e4 12. Nxe4 Nxe4 13. d3 Bf5 14. dxe4 Bxe4 15. Qe2 Kd8 16. Qxe4 Qxe4 17. Rxe4 Nb4 18. Bf4 b6 19. Rd1+ Kc8 20. a3 Nc6 21. Bd5 Kd7 22. Ne5+ Ke7 23. Nxc6+ Kf6 24. Re6+ Kf5 25. Bg3 a5 26. Rde1 Bd6 27. Nd4+ Kg5 28. h4+ Kh5 29. Bf3# 1-0

[Event "Fuerstenfeld U18 op 5th"]
[Site "Fuerstenfeld"]
[Date "2022.07.21"]
[Round "1"]
[White "Rella, Mario"]
[Black "Ahlroos, Johan Hector"]
[Result "1-0"]
[WhiteElo "1473"]
[BlackElo "963"]
[PlyCount "85"]
[EventDate "2022.07.21"]
[EventType "swiss"]
[EventRounds "7"]
[EventCountry "AUT"]
[SourceTitle "CBM 209 Extra"]
[Source "ChessBase"]
[SourceDate "2022.09.30"]
[SourceVersion "1"]
[SourceVersionDate "2022.09.30"]
[SourceQuality "1"]

1. d4 d5 2. Nf3 c6 3. e3 Bf5 4. c4 e6 5. Nc3 Bb4 6. Bd2 Nd7 7. Be2 Ne7 8. 0-0 0-0 9. a3 Bd6 10. Rc1 a6 11. Re1 Re8 12. Nh4 Nf8 13. Nxf5 Nxf5 14. f4 Rb8 15. Rf1 Qc7 16. cxd5 exd5 17. Nxd5 Qd8 18. Bg4 cxd5 19. Bxf5 Qb6 20. Qc2 g6 21. Bg4 h5 22. Bf3 Rbc8 23. Qb1 Rxc1 24. Rxc1 Qb5 25. Qa2 Rd8 26. Bxd5 Rd7 27. Bc4 Qf5 28. Qb1 Qg4 29. Be1 Re7 30. h3 Qd7 31. Bf2 Qc8 32. Bxf7+ Kxf7 33. Rxc8 Re6 34. Qa2 Be7 35. g4 hxg4 36. hxg4 Kf6 37. Bh4+ Kf7 38. f5 Bxh4 39. fxe6+ Nxe6 40. Rc7+ Kf6 41. Rxb7 Ng7 42. Qf7+ Kg5 43. Qf4# 1-0

[Event "AUT-ch U10"]
[Site "St Veit"]
[Date "2022.06.06"]
[Round "7"]
[White "Rella, Mario"]
[Black "Aichinger, Johannes"]
[Result "1-0"]
[WhiteElo "1473"]
[BlackElo "1202"]
[PlyCount "77"]
[EventDate "2022.06.04"]
[EventType "swiss"]
[EventRounds "7"]
[EventCountry "AUT"]
[SourceTitle "EXT 2023"]
[Source "ChessBase"]
[SourceDate "2022.10.05"]
[SourceVersion "1"]
[SourceVersionDate "2022.10.05"]
[SourceQuality "1"]

1. e4 e5 2. Nf3 Nc6 3. Bb5 a6 4. Bxc6 dxc6 5. d4 exd4 6. Qxd4 Qf6 7. Qxf6 Nxf6 8. 0-0 Bc5 9. Re1 0-0 10. h3 Re8 11. Nc3 Bb4 12. Nd2 Bxc3 13. bxc3 Bf5 14. f3 Nd7 15. Ba3 Bg6 16. Rab1 b6 17. Rbd1 Rad8 18. Nf1 f5 19. exf5 Bxf5 20. Rxe8+ Rxe8 21. Ng3 Be6 22. Ne4 Bd5 23. c4 Bxe4 24. Rxd7 Bxc2 25. Rxc7 Bb1 26. Rxc6 Bxa2 27. Rxb6 Bxc4 28. Rb4 Re3 29. Rb8+ Kf7 30. Rb7+ Kg6 31. Rb6+ Kh5 32. Rb4 Rxa3 33. Rxc4 Ra1+ 34. Kh2 a5 35. Kg3 g5 36. Kh2 a4 37. Rc6 h6 38. g4+ Kh4 39. Rxh6# 1-0

[Event "AUT-ch U10"]
[Site "St Veit"]
[Date "2022.06.05"]
[Round "5"]
[White "Rella, Mario"]
[Black "Atlas, Daniel"]
[Result "0-1"]
[WhiteElo "1473"]
[BlackElo "1357"]
[PlyCount "104"]
[EventDate "2022.06.04"]
[EventType "swiss"]
[EventRounds "7"]
[EventCountry "AUT"]
[SourceTitle "EXT 2023"]
[Source "ChessBase"]
[SourceDate "2022.10.05"]
[SourceVersion "1"]
[SourceVersionDate "2022.10.05"]
[SourceQuality "1"]

1. d4 d5 2. c4 e6 3. cxd5 exd5 4. Nc3 Nf6 5. Nf3 Be7 6. g3 Bf5 7. Bg2 Nbd7 8. 0-0 0-0 9. Bf4 c6 10. Qd2 Re8 11. Rac1 Nf8 12. Ne5 Bd6 13. Rfe1 Qc7 14. Nxd5 Qd8 15. Nxf6+ Qxf6 16. e4 Bc8 17. Nxf7 Bxf4 18. Qxf4 Qxf4 19. gxf4 Kxf7 20. e5 Be6 21. Rc5 Rad8 22. a3 Rxd4 23. Be4 Rc4 24. Rxc4 Bxc4 25. Rc1 Bb5 26. Kg2 Ne6 27. Kg3 g5 28. Bf3 gxf4+ 29. Kg2 Kg6 30. Rg1 Kh6 31. Be4 Ng5 32. Bc2 Rxe5 33. Kh1 Be2 34. Rc1 b5 35. f3 Bxf3+ 36. Kg1 Bh5 37. Rb1 f3 38. Bd3 Re3 39. Bf1 Ne4 40. Bh3 f2+ 41. Kh1 Rxh3 42. Kg2 Re3 43. Kf1 Nd2+ 44. Kg2 Nxb1 45. Kxf2 Rb3 46. Kg1 Rxb2 47. Kf1 Re2 48. h4 c5 49. Kg1 c4 50. Kf1 c3 51. Kg1 c2 52. Kf1 c1Q# 0-1

[Event "Styrian op U08/12 27th"]
[Site "Mureck"]
[Date "2021.08.10"]
[Round "7"]
[White "Rella, Mario"]
[Black "Hutterer, Valentin"]
[Result "1/2-1/2"]
[WhiteElo "892"]
[BlackElo "975"]
[PlyCount "91"]
[EventDate "2021.08.04"]
[EventType "swiss"]
[EventRounds "9"]
[EventCountry "AUT"]
[SourceTitle "EXT 2022"]
[Source "ChessBase"]
[SourceDate "2021.10.06"]
[SourceVersion "1"]
[SourceVersionDate "2021.10.06"]
[SourceQuality "1"]

1. d4 d5 2. Nf3 Bf5 3. e3 e6 4. c4 Nf6 5. Nc3 Nbd7 6. Bd2 Be7 7. cxd5 exd5 8. Be2 0-0 9. 0-0 Nb6 10. Ne5 Bd6 11. f4 Ne4 12. Bc1 f6 13. Nf3 c5 14. Qb3 c4 15. Qb5 a6 16. Qa5 Be7 17. Rb1 Nxc3 18. bxc3 Bxb1 19. Ba3 Bxa3 20. Rxb1 Bc1 21. Rxc1 Nc8 22. Qb4 b5 23. a3 Re8 24. Bd1 Rxe3 25. Bc2 g6 26. h4 Ra7 27. f5 Qe8 28. Kf1 Kg7 29. fxg6 hxg6 30. Qc5 Rxc3 31. Qxd5 Rxa3 32. h5 gxh5 33. Qf5 Qh8 34. Qg6+ Kf8 35. Qe4 Rc7 36. Ng5 Ne7 37. Nh7+ Ke8 38. Nxf6+ Kd8 39. Qe5 Qg7 40. Qd6+ Kc8 41. Qe6+ Kb8 42. Qb6+ Kc8 43. Qe6+ Kb8 44. Qb6+ Rb7 45. Qd6+ Ka7 46. Qc5+ 1/2-1/2

[Event "Styrian op U08/12 27th"]
[Site "Mureck"]
[Date "2021.08.09"]
[Round "6"]
[White "Schwarz, Timo"]
[Black "Rella, Mario"]
[Result "0-1"]
[WhiteElo "912"]
[BlackElo "892"]
[PlyCount "49"]
[EventDate "2021.08.04"]
[EventType "swiss"]
[EventRounds "9"]
[EventCountry "AUT"]
[SourceTitle "EXT 2022"]
[Source "ChessBase"]
[SourceDate "2021.10.06"]
[SourceVersion "1"]
[SourceVersionDate "2021.10.06"]
[SourceQuality "1"]

1. e4 c5 2. d3 d6 3. Nc3 Nf6 4. Nf3 e6 5. Bg5 Be7 6. Be2 0-0 7. 0-0 Bd7 8. e5 dxe5 9. Nxe5 Nc6 10. Nxc6 Bxc6 11. Bf3 Bxf3 12. Qxf3 b6 13. Rfe1 h6 14. Bh4 Qd7 15. Re2 b5 16. a4 b4 17. Ne4 Nxe4 18. Bxe7 Qxe7 19. Qxe4 Qf6 20. Qe5 Qe7 21. Qe4 Rad8 22. Rd1 Qf6 23. Rb1 Rb8 24. Qe5 Qe7 25. h3 0-1

[Event "Styrian op U08/12 27th"]
[Site "Mureck"]
[Date "2021.08.07"]
[Round "4"]
[White "Rella, Mario"]
[Black "Mensah, Liam"]
[Result "0-1"]
[WhiteElo "892"]
[BlackElo "1228"]
[PlyCount "72"]
[EventDate "2021.08.04"]
[EventType "swiss"]
[EventRounds "9"]
[EventCountry "AUT"]
[SourceTitle "EXT 2022"]
[Source "ChessBase"]
[SourceDate "2021.10.06"]
[SourceVersion "1"]
[SourceVersionDate "2021.10.06"]
[SourceQuality "1"]

1. d4 d6 2. Nf3 c6 3. e3 Nf6 4. c4 Nbd7 5. Nc3 g6 6. Bd3 Bg7 7. Bd2 0-0 8. 0-0 Re8 9. Rc1 Qc7 10. Qe2 e5 11. dxe5 Nxe5 12. Nxe5 Rxe5 13. f3 a5 14. a4 Bd7 15. e4 c5 16. f4 Re7 17. Be1 Bg4 18. Qd2 Ree8 19. Bh4 Re6 20. Bxf6 Bxf6 21. h3 Bxh3 22. gxh3 Bd4+ 23. Kh1 Rf8 24. Nd5 Qd8 25. Ne3 f5 26. b3 fxe4 27. Nc2 exd3 28. Nxd4 cxd4 29. Qxd3 Qf6 30. Rcd1 Re3 31. Qxd4 Rxh3+ 32. Kg2 Qh4 33. Qd5+ Rf7 34. Rf3 Qg4+ 35. Kf2 Rxf3+ 36. Qxf3 Rxf4 0-1

[Event "Styrian op U08/12 27th"]
[Site "Mureck"]
[Date "2021.08.06"]
[Round "3"]
[White "Braun, Raban"]
[Black "Rella, Mario"]
[Result "0-1"]
[WhiteElo "800"]
[BlackElo "892"]
[PlyCount "32"]
[EventDate "2021.08.04"]
[EventType "swiss"]
[EventRounds "9"]
[EventCountry "AUT"]
[SourceTitle "EXT 2022"]
[Source "ChessBase"]
[SourceDate "2021.10.06"]
[SourceVersion "1"]
[SourceVersionDate "2021.10.06"]
[SourceQuality "1"]

1. e4 c5 2. d3 d6 3. g3 Nf6 4. Bg2 e6 5. Be3 Be7 6. d4 cxd4 7. Bxd4 0-0 8. Nd2 Bd7 9. Nc4 Nc6 10. f4 Qc7 11. e5 Nd5 12. exd6 Bxd6 13. Qg4 e5 14. fxe5 Bxg4 15. exd6 Qd7 16. Bc5 Ndb4 0-1

[Event "AUT-ch U08 Online Rapid"]
[Site "Playchess.com INT"]
[Date "2020.12.13"]
[Round "6"]
[White "Rella, Mario"]
[Black "Schmeja, Constantin"]
[Result "0-1"]
[WhiteElo "1760"]
[BlackElo "1846"]
[PlyCount "126"]
[EventDate "2020.12.13"]
[EventType "swiss (rapid)"]
[EventRounds "7"]
[EventCountry "AUT"]
[SourceTitle "EXT 2022"]
[Source "ChessBase"]
[SourceDate "2021.10.06"]
[SourceVersion "1"]
[SourceVersionDate "2021.10.06"]
[SourceQuality "1"]

1. d4 d5 2. Nf3 Nf6 3. e3 e6 4. c4 Bd6 5. Nc3 0-0 6. Bd3 Nc6 7. 0-0 Bd7 8. Bd2 Na5 9. Qe2 c6 10. c5 Be7 11. Bc2 Nc4 12. Qd3 Nxb2 13. Qe2 Nc4 14. Qd3 Na3 15. Ng5 Nxc2 16. Qxc2 h6 17. Nf3 b6 18. Ne5 bxc5 19. Nxd7 Qxd7 20. dxc5 Bxc5 21. Ne2 Bd6 22. Bc3 Be7 23. Nf4 Ne4 24. Bb2 Bf6 25. Bxf6 Nxf6 26. Rfe1 e5 27. Ne2 e4 28. Ng3 Rfc8 29. Rab1 c5 30. Rb2 c4 31. Reb1 Re8 32. Rb7 Qd6 33. Nf5 Qe6 34. Nd4 Qd6 35. Nf5 Qe5 36. Ng3 Re7 37. f4 exf3 38. gxf3 Rxb7 39. Rxb7 Qxe3+ 40. Kg2 d4 41. Nf5 Qg5+ 42. Kf2 d3 43. Ne7+ Kh7 44. Qxc4 Qd2+ 45. Kg3 Nh5+ 46. Kg4 Nf6+ 47. Kg3 Qe3 48. Nf5 Qg1+ 49. Kf4 d2 50. Qxf7 d1Q 51. Nxg7 Qd2+ 52. Kf5 Qgg5+ 53. Ke6 Re8+ 54. Re7 Qe2+ 55. Kd6 Qgd2+ 56. Kc7 Rxe7+ 57. Qxe7 Qxe7+ 58. Kc6 Qdd6+ 59. Kb5 Qb7+ 60. Kc4 Qbc6+ 61. Kb3 Qd3+ 62. Kb4 Qdc4+ 63. Ka5 Q6a4# 0-1

[Event "AUT-chT District U18 Online Rapid"]
[Site "Playchess.com INT"]
[Date "2020.12.12"]
[Round "4"]
[White "Kaljikovic, Armin"]
[Black "Rella, Mario"]
[Result "0-1"]
[WhiteElo "1444"]
[BlackElo "1707"]
[PlyCount "70"]
[EventDate "2020.12.12"]
[EventType "team-swiss (rapid)"]
[EventRounds "9"]
[EventCountry "AUT"]
[SourceTitle "EXT 2022"]
[Source "ChessBase"]
[SourceDate "2021.10.06"]
[SourceVersion "1"]
[SourceVersionDate "2021.10.06"]
[SourceQuality "1"]

1. e4 c5 2. Nf3 d6 3. Bc4 Nf6 4. Ng5 e6 5. Bb5+ Nc6 6. 0-0 Bd7 7. Nc3 Be7 8. d3 0-0 9. Qf3 Rc8 10. Qh3 Re8 11. Qxh7+ Nxh7 12. Nxh7 Kxh7 13. Be3 Kg8 14. Rae1 a6 15. Ba4 b5 16. Bb3 Na5 17. a3 c4 18. Ba2 cxd3 19. cxd3 e5 20. Nd5 Rc2 21. Nb6 Rxb2 22. Bb1 Bg5 23. Nd5 Bxe3 24. fxe3 Be6 25. Nf4 Qb6 26. d4 exf4 27. exf4 Bc4 28. Rf3 Qxd4+ 29. Kh1 Rxe4 30. h3 Rxe1+ 31. Kh2 Rexb1 32. Kg3 Bd5 33. Rf2 Qxf2+ 34. Kg4 Qxg2+ 35. Kf5 Be6# 0-1